Spanish vocabulary- Airport - Statistics

General Stats
  • This quiz has been taken 48 times
  • The average score is 7 of 17
Answer Stats
Hint Answer % Correct
Shuttle Un puente aéro
93%
Airport El aeropuerto
88%
Airplane Un avión
78%
Terminal La terminal
56%
Gate Una puerta
56%
Late Tarde
54%
Arrivals Llegadas
51%
Departures Salidas
51%
Early Temprano
51%
Flight Un vuelo
51%
Immigration Inmigración
27%
Security check La control de seguridad
27%
Customs La aduana
20%
Layover Una escala
17%
Check-in desk el mostrador de facturación
12%
Duty-free store Una tienda libre de impuestos
10%
Airline Una línea aérea
5%
No matching quizzes found
Score Distribution
Percent of People with Each Score
Percentile by Number Answered
Your Score History
You have not taken this quiz